MARC

LEADER 00000nam0a2200000 4500
001 26693
005 20231030201737.0
010 |a 5922100521 
035 |a (RuTPU)RU\TPU\book\26937 
035 |a BOOK00027012 
090 |a 26693 
100 |a 20011209d2000 k y0rusy50 ca 
101 0 |a rus 
102 |a RU 
105 |a y z 000zy 
200 1 |a Квантово-статистические модели высокотемпературной плазмы. Методы расчета росселандовых пробегов и уровней состояния  |f А. Ф. Никифоров, В. Г. Новиков, В. Б. Уваров 
210 |a Москва  |c Физико-математическая лит-ра  |d 2000 
215 |a 400 с. 
610 1 |a физика 
610 1 |a плазма 
610 1 |a высокотемпературная плазма 
610 1 |a модели 
610 1 |a модель Томаса-Ферми 
610 1 |a волновые функции 
610 1 |a электроны 
610 1 |a заданный потенциал 
610 1 |a квантово-статистические модели 
610 1 |a модель Харти-Фока-Слэтера 
610 1 |a термодинамические свойства 
610 1 |a уравнения состояния 
610 1 |a уравнения Шредингера 
610 1 |a уравнение Дирака 
675 |a 533.916  |v 3 
700 1 |a Никифоров  |b А. Ф.  |g Арнольд Федорович 
701 1 |a Новиков  |b В. Г.  |g Владимир Григорьевич 
701 1 |a Уваров  |b В. Б.  |g Василий Борисович 
801 0 |a RU  |b 63413507  |c 20011209  |g PSBO 
801 2 |a RU  |b 63413507  |c 20030919  |g PSBO 
801 2 |a RU  |b 63413507  |c 20151125  |g PSBO 
942 |c BK